[Event "S.T.Lee Cup"]
[Site "Beijing"]
[Date "1995.08.27"]
[Round "4"]
[White "Li Zunian"]
[Black "Zhang Zhong"]
[Result "1-0"]
[WhiteElo "2400"]
[BlackElo "2430"]

1. d4 f5 2. Nf3 Nf6 3. g3 g6 4. Bg2 Bg7 5. c4 O-O 6. O-O d6 7. Nc3 Qe8 8.
d5 Na6 9. Rb1 Bd7 10. b4 c5 11. a3 h6 12. Qb3 b6 13. Bb2 g5 14. e3 Qf7 15.
Rbd1 Nc7 16. Rfe1 a5 17. bxc5 bxc5 18. Qc2 Rab8 19. Ba1 Ng4 20. Rb1 e6 21.
Rxb8 Rxb8 22. Rb1 Rxb1+ 23. Qxb1 exd5 24. Qb8+ Ne8 25. cxd5 f4 26. exf4
gxf4 27. Qb1 Qf5 28. Qxf5 Bxf5 29. gxf4 Nc7 30. h3 Nf6 31. Nd2 Nh5 32. Nc4
Ne8 33. Nxa5 Nxf4 34. Bf1 Nxh3+ 35. Kg2 Ng5 36. Be2 Ne4 37. Nxe4 Bxe4+ 38.
f3 Bxd5 39. Bxg7 Kxg7 40. a4 Kf6 41. Nc4 Bb7 42. a5 Ke6 43. Kg3 d5 44. Ne3
Nc7 45. f4 c4 46. Nxc4 dxc4 47. Bxc4+ Kf6 48. Kg4 Be4 49. a6 Kg6 50. a7 Ne8
51. Bd3 Nf6+ 52. Kh4 Bxd3 53. a8=Q Be4 54. Qa5 Bd5 55. Qc7 Be4 56. Qe5 Bf5
57. Kg3 Ne4+ 58. Kf3 Nf6 59. Qd6 Kf7 60. Ke3 Ng4+ 61. Kd4 Be6 62. Qd8 Nf6
63. f5 Bd7 64. Ke5 Ng4+ 65. Kf4 Nf6 66. Qh8 h5 67. Qh6 1-0

[Event "S.T.Lee Cup"]
[Site "Beijing"]
[Date "1995.08.27"]
[Round "4"]
[White "Wang Yaoyao"]
[Black "Wang Wenhao"]
[Result "1-0"]
[WhiteElo "2445"]
[BlackElo "2350"]

1. d4 d6 2. c4 e5 3. Nf3 exd4 4. Nxd4 g6 5. Nc3 Bg7 6. g3 Ne7 7. Bg2 Nbc6
8. Be3 O-O 9. O-O a6 10. Qd2 Bd7 11. Rac1 Re8 12. Rfe1 Rb8 13. b3 Ne5 14.
Bh6 Bh8 15. Red1 Qc8 16. Nd5 c6 17. Nxe7+ Rxe7 18. Nf3 Nxf3+ 19. exf3 Re6
20. Bf4 Qe8 21. Bxd6 Re2 22. Qb4 Bb2 23. Bxb8 Bxc1 24. Bf1 Rc2 25. Qxb7 Be3
26. Qxd7 Bxf2+ 27. Kh1 Qxb8 28. Qe7 Kg7 29. Rd8 Bc5 30. Qe8 1-0

[Event "S.T.Lee Cup"]
[Site "Beijing"]
[Date "1995.08.27"]
[Round "4"]
[White "Wu Shaobin"]
[Black "Al Modiahki, M"]
[Result "1/2-1/2"]
[WhiteElo "2430"]
[BlackElo "2445"]

1. d4 Nf6 2. Nf3 g6 3. c4 Bg7 4. Nc3 O-O 5. e4 d6 6. Be2 e5 7. O-O Nc6 8.
d5 Ne7 9. Nd2 a5 10. a3 Bd7 11. b3 Nc8 12. Rb1 Nb6 13. Qc2 Bh6 14. Nb5 Qe7
15. b4 axb4 16. axb4 c6 17. dxc6 Bxc6 18. Nc3 Rfc8 19. Nb3 Bxc1 20. Rfxc1
Na4 21. f3 Nxc3 22. Qxc3 Ba4 23. Nd2 Nh5 24. Bf1 Nf4 25. Ra1 Bd7 26. Qe3
Ne6 27. Nb3 Ba4 28. Na5 Be8 29. Nb3 Ba4 30. Na5 Be8 1/2-1/2

[Event "S.T.Lee Cup"]
[Site "Beijing"]
[Date "1995.08.27"]
[Round "4"]
[White "Mariano, N"]
[Black "Qi Jingxuan"]
[Result "1-0"]
[WhiteElo "2510"]
[BlackElo "2390"]

1. e4 c5 2. Nf3 e6 3. d4 cxd4 4. Nxd4 a6 5. Nc3 d6 6. g3 Bd7 7. Bg2 Nc6 8.
O-O Rc8 9. a4 Nf6 10. Nb3 Na5 11. Nxa5 Qxa5 12. Qe2 Qc7 13. a5 Be7 14. f4
O-O 15. Be3 Qc4 16. Qxc4 Rxc4 17. Rfd1 Bc6 18. Rd4 Rxd4 19. Bxd4 Rc8 20.
Re1 h6 21. e5 dxe5 22. fxe5 Nd7 23. Ne4 f5 24. exf6 gxf6 25. c3 e5 26. Be3
f5 27. Nd2 Bxg2 28. Kxg2 Kg7 29. Nf3 Bf6 30. Rd1 Nf8 31. Rd6 Rc6 32. Nh4
Bxh4 33. Bxh6+ Kf7 34. Rxc6 bxc6 35. Bxf8 Bg5 36. Bc5 Bd2 37. Kf3 Bc1 38.
b4 e4+ 39. Ke2 f4 40. gxf4 Bxf4 41. h3 Ke6 42. c4 Kf5 43. b5 cxb5 44. cxb5
axb5 45. a6 Bb8 46. a7 Bxa7 47. Bxa7 Kg5 48. Bf2 b4 49. Kd2 Kf4 50. Kc2 1-0

[Event "S.T.Lee Cup"]
[Site "Beijing"]
[Date "1995.08.27"]
[Round "4"]
[White "Liang Jinrong"]
[Black "Ye Rongguang"]
[Result "0-1"]
[WhiteElo "2450"]
[BlackElo "2505"]

1. e4 e5 2. Nf3 Nc6 3. Bc4 Nf6 4. d3 h6 5. O-O g6 6. Re1 d6 7. c3 Bg7 8.
Nbd2 O-O 9. h3 Kh7 10. d4 exd4 11. cxd4 d5 12. exd5 Nxd5 13. Nb3 a5 14. a4
Ncb4 15. Bd2 b6 16. Be3 Bb7 17. Nbd2 Qd7 18. Rc1 Rad8 19. b3 Rfe8 20. Bb5
c6 21. Bf1 Na2 22. Rc2 Nac3 23. Qc1 Nxe3 24. fxe3 Nd5 25. Nc4 Qc7 26. Rd2
Qg3 27. Kh1 Nf6 28. Nxb6 Ne4 29. Nc4 Nxd2 30. Ncxd2 Re7 31. Bd3 Qc7 32. Qc2
Qb6 33. Ne4 Bc8 34. Nc5 Qb4 35. Re2 Rde8 36. Qc1 f5 37. Ng1 Qb8 38. Bc4 Qg3
39. Nf3 f4 40. e4 Bxh3 41. Qf1 Bg4 42. e5 Bf5 43. Qc1 g5 44. Bd3 Bxd3 45.
Nxd3 g4 46. Nxf4 gxf3 0-1

[Event "S.T.Lee Cup"]
[Site "Beijing"]
[Date "1995.08.27"]
[Round "4"]
[White "Boensch, U"]
[Black "Yu Shaoteng"]
[Result "1/2-1/2"]
[WhiteElo "2560"]
[BlackElo "2290"]

1. d4 Nf6 2. c4 e6 3. Nf3 b6 4. g3 Bb7 5. Bg2 Be7 6. Nc3 Ne4 7. Nxe4 Bxe4
8. O-O O-O 9. Bf4 d6 10. Qd2 c5 11. Rfd1 Qc8 12. dxc5 dxc5 13. Qe3 Bc6 14.
Bd6 Bxd6 15. Rxd6 Nd7 16. Rad1 Nf6 17. Bh3 Qc7 18. Ng5 Rfe8 19. Bg2 Bd5 20.
Qf4 e5 21. Qf5 Qxd6 22. Bxd5 Nxd5 23. Qxf7+ Kh8 24. Rxd5 Qg6 25. Qxg6 hxg6
26. Nf7+ Kg8 27. Nxe5 Rad8 28. Rxd8 Rxd8 29. Nd3 Kf7 30. h4 Kf6 31. f3 g5
32. hxg5+ Kxg5 33. Kf2 Kf6 34. Ke3 a6 35. a4 Ke7 36. Kd2 Kd6 37. g4 Rh8 38.
b3 Rh1 39. Kc2 Rh2 40. Kd2 Rh1 41. Kc2 Rh2 42. Kd2 g5 43. Kd1 1/2-1/2

[Event "S.T.Lee Cup"]
[Site "Beijing"]
[Date "1995.08.27"]
[Round "4"]
[White "Wang Zili"]
[Black "Alterman, B"]
[Result "1/2-1/2"]
[WhiteElo "2525"]
[BlackElo "2595"]

1. e4 c5 2. Nf3 d6 3. d4 cxd4 4. Nxd4 Nf6 5. Nc3 g6 6. Be3 Bg7 7. Qd2 O-O
8. f3 Nc6 9. O-O-O d5 10. Qe1 e5 11. Nxc6 bxc6 12. exd5 Nxd5 13. Bc4 Be6
14. Ne4 Qc7 15. Bc5 Rfd8 16. Ng5 Bh6 17. Qh4 Kg7 18. Kb1 Bxg5 19. Qxg5 f6
20. Qh4 Qf7 1/2-1/2

[Event "S.T.Lee Cup"]
[Site "Beijing"]
[Date "1995.08.28"]
[Round "5"]
[White "Siepenkoetter, A"]
[Black "Xia Yu"]
[Result "1/2-1/2"]
[WhiteElo "2130"]
[BlackElo "2325"]

1. e4 Nc6 2. Nc3 e5 3. Nf3 Nf6 4. d4 exd4 5. Nd5 Nxd5 6. exd5 Bb4+ 7. Bd2
Qe7+ 8. Qe2 Bxd2+ 9. Kxd2 Qxe2+ 10. Bxe2 Ne7 11. d6 cxd6 12. Nxd4 a6 13.
Bf3 g6 14. Rhe1 Kd8 15. Rad1 Nc6 16. Kc3 Re8 17. Nxc6+ bxc6 18. Rxe8+ Kxe8
19. Rxd6 Ke7 20. Rd2 d5 21. Re2+ Be6 22. Kd4 Kd6 23. b4 a5 24. a3 Rb8 25.
c3 Ra8 26. Rd2 axb4 27. axb4 Ra4 28. Rb2 h5 1/2-1/2

[Event "S.T.Lee Cup"]
[Site "Beijing"]
[Date "1995.08.28"]
[Round "5"]
[White "Li Wenliang"]
[Black "Zhang Weida"]
[Result "1/2-1/2"]
[WhiteElo "2425"]
[BlackElo "2300"]

1. d4 Nf6 2. c4 e6 3. Nc3 Bb4 4. e3 b6 5. Nge2 Ba6 6. a3 Bxc3+ 7. Nxc3 d5
8. b3 O-O 9. Bd3 c5 10. dxc5 dxc4 1/2-1/2

[Event "S.T.Lee Cup"]
[Site "Beijing"]
[Date "1995.08.28"]
[Round "5"]
[White "Zhang Zhong"]
[Black "Wang Wenhao"]
[Result "1/2-1/2"]
[WhiteElo "2430"]
[BlackElo "2350"]

1. d4 Nf6 2. Nf3 e6 3. g3 c5 4. Bg2 Nc6 5. c4 cxd4 6. Nxd4 a6 7. O-O Bc5 8.
Nb3 Be7 9. Nc3 d6 10. Bf4 O-O 11. Rc1 Ne5 12. Bxe5 dxe5 13. c5 Qc7 14. Na4
Rd8 15. Qe1 Bd7 16. Nb6 Rab8 17. Nxd7 Rxd7 18. c6 bxc6 19. Rxc6 Qd8 20.
Rxa6 Nd5 21. Bxd5 exd5 22. Qa5 f5 23. Qxd8+ Rdxd8 24. Rb1 d4 25. Na5 Ra8
26. Rxa8 Rxa8 27. Nc4 e4 28. a3 Kf7 29. Kf1 Ke6 30. Ke1 Ra6 31. Rd1 Kd5 32.
Ne3+ Ke5 33. Nc2 Bc5 34. b4 Ba7 35. b5 Ra4 36. Rb1 Bb6 37. Kd2 Kd5 38. Rb3
Kc4 39. Rb1 g5 40. f3 e3+ 41. Kd1 Ra5 42. Rc1 Kxb5 43. Rb1+ Kc6 44. Nb4+
Kd6 45. Rb3 Bc5 46. Kc2 Bxb4 47. Rxb4 Kc5 48. Rb3 Ra4 49. g4 fxg4 50. fxg4
Kc4 51. Kb2 Ra6 52. Kc2 Rc6 53. a4 Rc5 54. Kb2 Kd5 55. Ra3 Ra5 56. Kb3 Ke4
57. Kb4 Rd5 58. Rd3 Rd8 59. a5 Kd5 60. a6 Rb8+ 61. Ka5 Rb2 62. a7 Ra2+ 63.
Kb6 Rb2+ 64. Kc7 Rc2+ 65. Kb6 1/2-1/2

[Event "S.T.Lee Cup"]
[Site "Beijing"]
[Date "1995.08.28"]
[Round "5"]
[White "Lin Weiguo"]
[Black "Zhu Chunhui"]
[Result "1-0"]
[WhiteElo "2460"]
[BlackElo "2350"]

1. d4 f5 2. c4 Nf6 3. Nf3 g6 4. g3 Bg7 5. Bg2 d6 6. O-O O-O 7. Nc3 Qe8 8.
d5 a5 9. Be3 h6 10. Nb5 Na6 11. Qd2 c6 12. Nc3 g5 13. h4 f4 14. gxf4 gxh4
15. Nh2 Bf5 16. Kh1 Nc7 17. Bb6 Na6 18. e4 Bc8 19. Be3 Ng4 20. Nxg4 Bxg4
21. f3 h3 22. fxg4 hxg2+ 23. Qxg2 cxd5 24. exd5 Qg6 25. Rae1 Rac8 26. f5
Qf7 27. f6 exf6 28. Ne4 Qd7 29. b3 Nb4 30. Bd4 Nd3 31. Re3 Ne5 32. Bxe5
fxe5 33. Ref3 Rxf3 34. Qxf3 Qe7 35. Qh3 Rf8 36. Rf5 b6 37. Qh5 b5 38. Kg2
bxc4 39. bxc4 Rb8 40. Qg6 Rf8 41. Nxd6 Qxd6 42. Qxd6 1-0

[Event "S.T.Lee Cup"]
[Site "Beijing"]
[Date "1995.08.28"]
[Round "5"]
[White "Wu Shaobin"]
[Black "Li Zunian"]
[Result "1-0"]
[WhiteElo "2430"]
[BlackElo "2400"]

1. d4 f5 2. g3 Nf6 3. Bg2 g6 4. Nf3 Bg7 5. O-O O-O 6. b3 d6 7. Bb2 c6 8.
Nbd2 Kh8 9. c4 Be6 10. Qc2 Nbd7 11. Ng5 Bg8 12. e4 fxe4 13. Ndxe4 Nxe4 14.
Nxe4 d5 15. cxd5 cxd5 16. Nc3 Rc8 17. Qd3 Qa5 18. Bh3 e6 19. Ne2 Nc5 20.
Qc3 Qxc3 21. Bxc3 Ne4 22. Bb4 Rfe8 23. Rac1 b6 24. Bg2 Bh6 25. f4 Bg7 26.
Bxe4 dxe4 27. Kf2 g5 28. Bd6 gxf4 29. gxf4 Bf7 30. Ke3 Bg6 31. Ng3 Red8 32.
Be5 Kg8 33. Nxe4 Bxe4 34. Kxe4 Bf8 35. Rxc8 Rxc8 36. f5 exf5+ 37. Rxf5 Rc2
38. a4 Rc3 39. Kd5 h6 40. Ke6 Rc6+ 41. Kd7 Rc3 42. d5 Rxb3 43. Ke8 Bg7 44.
Bxg7 Kxg7 45. d6 Re3+ 46. Kd8 Kg6 47. Rf2 Re4 48. d7 Rxa4 49. Rd2 Rf4 50.
Ke8 Kg7 51. Rg2+ 1-0

[Event "S.T.Lee Cup"]
[Site "Beijing"]
[Date "1995.08.28"]
[Round "5"]
[White "Li Shilong"]
[Black "Ye Jiangchuan"]
[Result "0-1"]
[WhiteElo "2345"]
[BlackElo "2550"]

1. e4 c5 2. Nf3 a6 3. c3 d5 4. exd5 Qxd5 5. d4 Nf6 6. Be2 e6 7. O-O cxd4 8.
Nxd4 Bd6 9. Be3 O-O 10. Nd2 Bc7 11. Bf3 Qd8 12. N4b3 Nd5 13. Bc5 Re8 14. c4
Nb6 15. Bxb6 Bxb6 16. Ne4 Nc6 17. c5 Bc7 18. Nd6 Rf8 19. Nd4 Ne5 20. Nxc8
Nxf3+ 21. Qxf3 Rxc8 22. Rfd1 Qe7 23. c6 bxc6 24. g3 c5 25. Nc6 Qe8 26. Rac1
Bxg3 27. Rxc5 Bh4 28. b4 Be7 29. Rc4 Rc7 30. Rdc1 Rd7 31. Ne5 Rd8 32. Qc6
Rd5 33. Qxe8 Rxe8 34. Rc8 Kf8 35. Rxe8+ Kxe8 36. Rc8+ Rd8 37. Rc6 Bxb4 38.
Rxa6 Bc5 39. Rc6 Rd5 40. Rc8+ Ke7 41. Nf3 h6 42. Kf1 e5 43. Ke2 e4 44. Nd2
f5 45. Nb3 Bd6 46. h4 g5 47. Rh8 f4 48. Rxh6 g4 49. Rh7+ Kf6 50. Rb7 f3+
51. Ke3 Ke5 0-1

[Event "S.T.Lee Cup"]
[Site "Beijing"]
[Date "1995.08.28"]
[Round "5"]
[White "Stangl, M"]
[Black "Boensch, U"]
[Result "1/2-1/2"]
[WhiteElo "2560"]
[BlackElo "2560"]

1. d4 Nf6 2. c4 e6 3. Nc3 c5 4. d5 exd5 5. cxd5 d6 6. e4 g6 7. f4 Bg7 8.
Bb5+ Nfd7 9. a4 Qh4+ 10. g3 Qe7 11. Nge2 1/2-1/2

[Event "S.T.Lee Cup"]
[Site "Beijing"]
[Date "1995.08.28"]
[Round "5"]
[White "Yu Shaoteng"]
[Black "Wang Yaoyao"]
[Result "1-0"]
[WhiteElo "2290"]
[BlackElo "2445"]

1. e4 c5 2. Nf3 d6 3. d4 cxd4 4. Nxd4 Nf6 5. Nc3 a6 6. Be2 e5 7. Nb3 Be7 8.
Be3 Be6 9. f4 exf4 10. Bxf4 Nc6 11. Qd2 O-O 12. O-O-O Ne5 13. Kb1 b5 14. h3
Qc7 15. g4 b4 16. Nd5 Bxd5 17. exd5 Rfc8 18. Bd3 a5 19. g5 Nh5 20. Be3 Qb7
21. Qg2 g6 22. Nd4 Bf8 23. h4 a4 24. Nc6 Bg7 25. Rhf1 Re8 26. Bc1 b3 27.
cxb3 axb3 28. a3 Nxd3 29. Rxd3 Ra4 30. Nb4 Rxb4 31. axb4 Qa6 32. Rxb3 Qc4
33. Qf3 f5 34. Qd3 Qc7 35. b5 Qb7 36. b6 Re5 37. Rd1 Re8 38. Qb5 Rc8 39.
Ra3 Rb8 40. Be3 f4 41. Qc6 fxe3 42. Qxb7 Rxb7 43. Ra8+ Bf8 44. Rf1 Rf7 45.
Rxf7 Kxf7 46. Rxf8+ 1-0

[Event "S.T.Lee Cup"]
[Site "Beijing"]
[Date "1995.08.30"]
[Round "6"]
[White "Qi Jingxuan"]
[Black "Siepenkoetter, A"]
[Result "1-0"]
[WhiteElo "2390"]
[BlackElo "2130"]

1. e4 e6 2. d4 d5 3. Nd2 Nf6 4. e5 Nfd7 5. f4 c5 6. c3 Nc6 7. Ndf3 Qb6 8.
Ne2 cxd4 9. cxd4 f6 10. a3 Be7 11. Nc3 O-O 12. Na4 Qd8 13. Be2 Nb6 14. Nc3
Bd7 15. O-O Be8 16. exf6 gxf6 17. f5 e5 18. Bh6 Rf7 19. Bb5 Qd6 20. Bxc6
bxc6 21. Qe1 exd4 22. Nxd4 Qe5 23. Qh4 Bc5 24. Rad1 Bd7 25. Kh1 Bxd4 26.
Rxd4 Bxf5 27. Rdf4 Bg6 28. Re1 Qd6 29. h3 Nd7 30. Nd1 Ne5 31. Ref1 Nd7 32.
Ne3 Re8 33. Rg4 Ne5 34. Rg3 Kh8 35. Nf5 Bxf5 36. Rxf5 Rg8 37. Rxg8+ Kxg8
38. Rxe5 Re7 39. Qg3+ 1-0

[Event "S.T.Lee Cup"]
[Site "Beijing"]
[Date "1995.08.30"]
[Round "6"]
[White "Zhu Chunhui"]
[Black "Li Wenliang"]
[Result "0-1"]
[WhiteElo "2350"]
[BlackElo "2425"]

1. e4 c6 2. d4 d5 3. e5 Bf5 4. Nc3 Qb6 5. g4 Bd7 6. Rb1 e6 7. Be3 c5 8. Nf3
Nc6 9. Qd2 cxd4 10. Bxd4 Nxd4 11. Nxd4 f6 12. exf6 Nxf6 13. g5 Ng4 14. Bh3
Ne5 15. Nce2 Bc5 16. c3 O-O 17. O-O Nf3+ 18. Nxf3 Rxf3 19. Kg2 Raf8 20. Nd4
Rxh3 0-1

[Event "S.T.Lee Cup"]
[Site "Beijing"]
[Date "1995.08.30"]
[Round "6"]
[White "Zhang Weida"]
[Black "Zhang Zhong"]
[Result "1/2-1/2"]
[WhiteElo "2300"]
[BlackElo "2430"]

1. Nf3 Nf6 2. c4 e6 3. d4 d5 4. Nc3 Nbd7 5. cxd5 exd5 6. Bf4 c6 7. e3 Be7
8. Bd3 O-O 9. Qc2 Re8 10. h3 c5 11. O-O a6 12. dxc5 Nxc5 13. Rad1 Be6 14.
Be5 Nxd3 15. Qxd3 Qa5 16. Nd4 Nd7 17. Bg3 Nc5 18. Qb1 Qb6 19. Nf5 Bxf5 20.
Qxf5 Qxb2 21. Nxd5 Ne6 22. Rb1 Qxa2 23. Rxb7 Qa3 24. Be5 Rad8 25. Ra1 Qc5
26. Nxe7+ Rxe7 27. Rxe7 Qxe7 28. Rxa6 Qc5 29. Rxe6 fxe6 30. Qxe6+ Kh8 31.
Bd4 Qc1+ 32. Kh2 Qc7+ 33. f4 Qd7 34. Qe5 Re8 35. Qg5 Kg8 1/2-1/2

[Event "S.T.Lee Cup"]
[Site "Beijing"]
[Date "1995.08.30"]
[Round "6"]
[White "Xia Yu"]
[Black "Li Zunian"]
[Result "1/2-1/2"]
[WhiteElo "2325"]
[BlackElo "2400"]

1. Nf3 c5 2. b3 Nf6 3. Bb2 e6 4. c4 b6 5. g3 Bb7 6. Bg2 Be7 7. O-O O-O 8.
d4 cxd4 9. Nxd4 Bxg2 10. Kxg2 a6 11. e3 Qc7 12. Qf3 Nc6 13. Nd2 Ne5 14. Qe2
d6 15. e4 Nfd7 16. f4 Nc6 17. N2f3 Nxd4 18. Nxd4 Bf6 19. Rad1 Rfd8 20. f5
Bxd4 21. Rxd4 e5 22. Rd2 b5 23. Ba3 Nf6 24. Rfd1 bxc4 25. bxc4 Ne8 26. Rd5
h6 27. c5 dxc5 28. Rxc5 Qb6 29. Rxe5 Rxd1 30. Qxd1 Nf6 31. Qb3 Qd4 32. Re7
Rf8 33. Bb2 Qd2+ 34. Kf3 Qxh2 35. Bxf6 gxf6 36. Rd7 h5 37. Qd5 Qh3 38. Kf2
Qh2+ 39. Kf3 Qh3 40. Kf2 h4 41. gxh4 Qxh4+ 42. Kf3 Qh5+ 43. Kg3 Kg7 44. Rd8
Rxd8 45. Qxd8 Qe2 46. Qd5 1/2-1/2

[Event "S.T.Lee Cup"]
[Site "Beijing"]
[Date "1995.08.30"]
[Round "6"]
[White "Wang Wenhao"]
[Black "Li Shilong"]
[Result "0-1"]
[WhiteElo "2350"]
[BlackElo "2345"]

1. d4 Nf6 2. Nf3 e6 3. g3 c5 4. Bg2 Nc6 5. c4 d5 6. cxd5 exd5 7. O-O Be7 8.
Nc3 O-O 9. Bg5 cxd4 10. Nxd4 h6 11. Be3 Re8 12. Rc1 Bg4 13. h3 Be6 14. Qd2
Rc8 15. Rfd1 Ne5 16. Nxe6 fxe6 17. b3 Bb4 18. Qb2 Nc6 19. Ne4 Nd7 20. a3
Be7 21. Nc5 Nxc5 22. Bxc5 Bf6 23. Qb1 b6 24. Be3 Qe7 25. Qa2 Kh8 26. f4 e5
27. f5 Nd4 28. g4 Bg5 29. Bxg5 Qxg5 30. Rxc8 Qe3+ 31. Kh1 Rxc8 32. b4 Rc1
33. Rxc1 Qxc1+ 34. Kh2 Qf4+ 35. Kh1 Qc1+ 36. Kh2 Qe1 37. Bxd5 Qf2+ 38. Bg2
Nxe2 39. Qb1 Qf4+ 40. Kh1 Ng3+ 41. Kg1 Ne2+ 42. Kh1 Qd2 43. Kh2 e4 44. Kh1
e3 0-1

[Event "S.T.Lee Cup"]
[Site "Beijing"]
[Date "1995.08.30"]
[Round "6"]
[White "Wang Yaoyao"]
[Black "Yin, H"]
[Result "1/2-1/2"]
[WhiteElo "2445"]
[BlackElo "2350"]

1. d4 Nf6 2. c4 c6 3. Nc3 d5 4. Nf3 g6 5. e3 Bg7 6. Be2 O-O 7. O-O Ne4 8.
Qb3 Nxc3 9. bxc3 b6 10. Ba3 Ba6 11. Rfe1 Re8 12. Rac1 e6 13. h3 Bb7 14.
Red1 Nd7 15. cxd5 cxd5 16. Bb5 Bf8 17. Bb4 Bxb4 18. cxb4 a6 19. Be2 Rc8 20.
a4 Rxc1 21. Rxc1 Qb8 1/2-1/2

[Event "S.T.Lee Cup"]
[Site "Beijing"]
[Date "1995.08.30"]
[Round "6"]
[White "Boensch, U"]
[Black "Lin Weiguo"]
[Result "1-0"]
[WhiteElo "2560"]
[BlackElo "2460"]

1. Nf3 Nf6 2. c4 g6 3. Nc3 d5 4. cxd5 Nxd5 5. Qb3 Nxc3 6. Qxc3 f6 7. e4 e6
8. h4 Nc6 9. Bb5 Bd7 10. h5 gxh5 11. a3 Qe7 12. d4 O-O-O 13. Be3 Rg8 14.
O-O-O Nb8 15. Rxh5 Bxb5 16. Rxb5 Rxg2 17. d5 exd5 18. Rbxd5 Rxd5 19. exd5
Qe4 20. Qxf6 Be7 21. Qh8+ Bd8 22. Nd4 Qg6 23. Nb5 Rg4 24. Nxa7+ Kd7 25. Qc3
h5 26. Qb3 Ke8 27. Nb5 Nd7 28. d6 Ne5 29. dxc7 Qc6+ 30. Qc3 1-0

[Event "S.T.Lee Cup"]
[Site "Beijing"]
[Date "1995.08.30"]
[Round "6"]
[White "Mariano, N"]
[Black "Wu Shaobin"]
[Result "1/2-1/2"]
[WhiteElo "2510"]
[BlackElo "2430"]

1. e4 c5 2. Nf3 d6 3. c3 Nf6 4. Be2 g6 5. O-O Bg7 6. Re1 O-O 7. Bf1 Nc6 8.
h3 e5 9. d3 h6 10. Be3 b6 11. Na3 d5 12. Qc1 Kh7 13. Bd2 Re8 14. g4 Bb7 15.
g5 hxg5 16. Bxg5 Qd7 17. Bg2 d4 18. cxd4 Nxd4 19. Nxd4 Qxd4 20. Qc4 Qd7 21.
Rad1 Nh5 22. Nb1 Bh6 23. Be3 Rad8 24. Nc3 Kg7 25. b4 cxb4 26. Qxb4 Qe7 27.
Qb2 Qh4 28. Nd5 Bxd5 29. exd5 Nf4 30. Bxf4 Bxf4 31. Re4 Qf6 32. Ra4 Re7 33.
Rc4 Qg5 34. Kf1 Red7 35. a4 Qf5 36. Qe2 Bg5 37. Qg4 Qxg4 38. hxg4 Be7 39.
Rc6 Bc5 40. Ke2 Rd6 41. Rh1 Kf6 1/2-1/2

[Event "S.T.Lee Cup"]
[Site "Beijing"]
[Date "1995.08.30"]
[Round "6"]
[White "Ye Jiangchuan"]
[Black "Tong Yuanming"]
[Result "0-1"]
[WhiteElo "2550"]
[BlackElo "2485"]

1. e4 e5 2. Nf3 Nc6 3. Bb5 a6 4. Ba4 Nf6 5. O-O b5 6. Bb3 Bc5 7. c3 d6 8.
Re1 O-O 9. h3 Bb6 10. a4 Bb7 11. d3 d5 12. exd5 Nxd5 13. axb5 axb5 14. Rxa8
Bxa8 15. Bd2 b4 16. Ba4 bxc3 17. bxc3 Qf6 18. Bg5 Qd6 19. Qc2 Qg6 20. Kf1
h6 21. Bc1 Rd8 22. Bb5 Ndb4 23. cxb4 Nd4 24. Nxd4 Qxg2+ 25. Ke2 Bxd4 26.
Rf1 e4 27. Nd2 Qxh3 28. Ke1 exd3 29. Bxd3 Re8+ 30. Kd1 Bg2 31. Qxc7 Qxd3
0-1

[Event "S.T.Lee Cup"]
[Site "Beijing"]
[Date "1995.08.30"]
[Round "6"]
[White "Ye Rongguang"]
[Black "Wang Zili"]
[Result "1-0"]
[WhiteElo "2505"]
[BlackElo "2525"]

1. Nf3 c5 2. c4 Nf6 3. Nc3 Nc6 4. g3 d5 5. cxd5 Nxd5 6. Bg2 Nc7 7. d3 g6 8.
Be3 Ne6 9. O-O Bg7 10. Qd2 O-O 11. Bh6 Rb8 12. Rfd1 Ncd4 13. Bxg7 Nxf3+ 14.
Bxf3 Kxg7 15. h4 b6 16. e3 f5 17. d4 Bb7 18. Qe2 Bxf3 19. Qxf3 cxd4 20.
exd4 Kg8 21. d5 Ng7 22. Re1 Rb7 23. Re5 Rd7 24. Nb5 f4 25. Nd4 fxg3 26.
Qxg3 Qc7 27. Nc6 Nf5 28. Qg5 Qd6 29. Rae1 Rf7 30. b4 h6 31. Qg4 Rg7 32. Kf1
h5 33. Qg5 Rc7 34. a3 Rxc6 35. dxc6 Qxc6 36. R5e4 Qd6 37. Kg2 Qd3 38. a4
Kh7 39. b5 Rf7 40. Qf4 Qd5 41. f3 Qd3 42. R1e2 Qd1 43. Qd2 Qa1 44. Qb2 Qxb2
45. Rxb2 Nd6 46. Re6 Nf5 47. Rb4 Kg7 48. Rc4 Rf8 49. Rc7 Kf7 50. Re4 Ra8
51. Kh3 Kf6 52. Rd7 a6 53. Rb7 axb5 54. Rxb6+ Nd6 55. axb5 Ra3 56. Rb4 Ke5
57. Kg2 Kd5 58. Ra6 Rc3 59. b6 Rc8 60. b7 Rb8 61. Ra8 Rxb7 62. Rxb7 Nxb7
63. Rg8 Nd6 64. Rxg6 Nf5 65. Rg5 Ke5 66. Rxh5 Kf4 67. Rh7 e5 68. Rf7 e4 69.
fxe4 Kxe4 70. Kh3 Ke5 71. Rf8 Nh6 72. h5 Ke6 73. Rf1 Nf5 74. Rf2 Nh6 75.
Kh4 Nf7 76. Kg4 Ke7 77. Kf5 1-0

[Event "S.T.Lee Cup"]
[Site "Beijing"]
[Date "1995.08.30"]
[Round "6"]
[White "Alterman, B"]
[Black "Yu Shaoteng"]
[Result "1/2-1/2"]
[WhiteElo "2595"]
[BlackElo "2290"]

1. d4 Nf6 2. c4 e6 3. Nc3 Bb4 4. e3 c5 5. Nge2 cxd4 6. exd4 O-O 7. a3 Be7
8. d5 exd5 9. cxd5 Re8 10. g3 Bc5 11. Bg2 d6 12. h3 a6 13. O-O Nbd7 14. Nd4
Ne5 15. Kh1 Bd7 16. b3 h6 17. Bb2 Rc8 18. Nce2 a5 19. Rc1 Qb6 20. Rc2 Qa6
21. Rc3 a4 22. b4 Ba7 23. Rxc8 Rxc8 24. Nf4 Qb6 25. Ba1 Rc4 26. Nf3 Nxf3
27. Bxf6 Ne5 28. Bxe5 dxe5 29. Qe2 Qd4 30. Rd1 Qc3 31. Nd3 Rd4 32. Nc5 Bxc5
33. bxc5 Rxd1+ 34. Qxd1 Qxc5 35. Qa1 f6 36. Qb2 b5 37. Kg1 Kf8 38. h4 Qc4
39. Kh2 Ke7 40. Qd2 Qc5 41. Qb2 Kd6 42. f4 Bf5 43. fxe5+ fxe5 44. Qd2 Bd7
45. Qd3 Kc7 46. h5 b4 47. axb4 Qxb4 48. Qa6 a3 49. d6+ Qxd6 50. Qa5+ Kc8
51. Qa8+ Kc7 52. Qa5+ Kc8 53. Qa8+ Kc7 1/2-1/2

[Event "S.T.Lee Cup"]
[Site "Beijing"]
[Date "1995.09.01"]
[Round "7"]
[White "Siepenkoetter, A"]
[Black "Wang Wenhao"]
[Result "0-1"]
[WhiteElo "2130"]
[BlackElo "2350"]

1. e4 c6 2. d4 g6 3. Nc3 d5 4. e5 h5 5. f4 Nh6 6. Nf3 Bg4 7. h3 Bxf3 8.
Qxf3 Nf5 9. Ne2 e6 10. Bd2 h4 11. O-O-O Nd7 12. Be1 Qb6 13. Kb1 O-O-O 14.
Qc3 Kb8 15. Ng1 c5 16. Nf3 cxd4 17. Nxd4 Rc8 18. Qd2 Nc5 19. Nxf5 Ne4 20.
Qe3 gxf5 21. Qxb6 axb6 22. Bb5 Bc5 23. b4 Bf2 24. Bd3 Bxe1 25. Rdxe1 Rhg8
26. Bxe4 fxe4 27. Re2 Rg3 28. Kb2 Rcg8 29. Rh2 Kc7 30. c3 Kd7 31. Rc2 b5
32. Kb3 d4 33. a4 Rc8 34. Rh1 Rgxc3+ 35. Rxc3 Rxc3+ 36. Kb2 bxa4 37. Re1 e3
38. Rd1 Rc4 0-1

[Event "S.T.Lee Cup"]
[Site "Beijing"]
[Date "1995.09.01"]
[Round "7"]
[White "Zhang Zhong"]
[Black "Zhu Chunhui"]
[Result "1-0"]
[WhiteElo "2430"]
[BlackElo "2350"]

1. e4 e5 2. Nf3 Nc6 3. Bb5 a6 4. Ba4 Nf6 5. O-O Be7 6. Bxc6 dxc6 7. Qe2 Nd7
8. d4 exd4 9. Nxd4 O-O 10. Rd1 Bc5 11. Be3 Qe7 12. Nd2 Nf6 13. f3 Re8 14.
Qf2 Qe5 15. Nc4 Qh5 16. Nb3 Bf8 17. Bf4 Qb5 18. Ncd2 Bd6 19. a4 Qh5 20.
Bxd6 cxd6 21. Nc4 d5 22. Nb6 Rb8 23. exd5 cxd5 24. Re1 Bf5 25. a5 Qg5 26.
Nd4 h5 27. Qg3 Qxg3 28. hxg3 Bg6 29. Kf2 Kf8 30. Red1 Re7 31. Rd2 Rc7 32.
c3 Rc5 33. Ne2 Bf5 34. b4 Rc7 35. Rc1 Be6 36. Nd4 Rd8 37. Nb3 Ke7 38. Nc5
Rd6 39. Rcd1 Rdc6 40. Re1 Rxc5 41. bxc5 Rxc5 42. Re5 Kd6 43. Re3 Kc6 44.
Ra2 Ne8 45. Ke2 Nd6 46. Kd2 Nf5 47. Rd3 Nxg3 48. Rd4 Nf5 49. Rb4 Nd6 50.
Ra1 g5 51. Kc2 h4 52. Kb2 h3 53. gxh3 Bxh3 54. Rg1 Rxa5 55. Rxg5 Bf1 56.
Rh5 Rc5 57. Rh6 a5 58. Rb3 Bc4 59. Nc8 Bxb3 60. Nxd6 Bc4 61. Nxc4+ Kd7 62.
Ne5+ Ke7 63. Rh7 b5 64. Nxf7 b4 65. cxb4 axb4 66. f4 Ke6 67. Ng5+ Kf5 68.
Rf7+ Kg6 69. Rf8 d4 70. Rd8 d3 71. Rxd3 Rc4 72. Nh3 Kf5 73. Kb3 Re4 74.
Rd5+ Ke6 75. Rh5 Kf6 76. Rh6+ Kf5 77. Rh8 Rd4 78. Rh4 Re4 79. Kc2 Rd4 80.
Rh8 Kg4 81. Rh7 Rc4+ 82. Kd3 Rc8 83. Ke3 Re8+ 84. Kf2 Rb8 85. Rg7+ Kxh3 86.
Kf3 Kh2 87. Rg2+ Kh3 88. Rg1 Kh2 89. Rb1 b3 90. f5 b2 91. Kg4 Rg8+ 92. Kf4
Rg2 93. f6 Kh3 94. Kf5 Rf2+ 95. Kg6 Rg2+ 96. Kh7 Rf2 97. Kg7 Rg2+ 98. Kf8
Kh4 99. f7 Kh5 100. Rf1 Rf2 1-0

[Event "S.T.Lee Cup"]
[Site "Beijing"]
[Date "1995.09.01"]
[Round "7"]
[White "Zhang Weida"]
[Black "Xia Yu"]
[Result "1-0"]
[WhiteElo "2300"]
[BlackElo "2325"]

1. c4 Nf6 2. Nc3 c5 3. Nf3 Nc6 4. g3 b6 5. Bg2 Bb7 6. O-O g6 7. d4 cxd4 8.
Nxd4 Bg7 9. b3 O-O 10. Bb2 Qc8 11. Nc2 d6 12. Qd2 Ne5 13. Ne3 Bxg2 14. Kxg2
h5 15. Ncd5 Qb7 16. f3 Nxd5 17. Nxd5 Rfe8 18. e4 Rac8 19. f4 Ng4 20. Bxg7
Kxg7 21. h3 Nf6 22. Rae1 b5 23. cxb5 Qxb5 24. f5 Rc5 25. fxg6 Nxd5 26. gxf7
Ne3+ 27. Qxe3 Rf8 28. Qd4+ Re5 29. Qxa7 Rxf7 30. Rxf7+ Kxf7 31. Qe3 Ke8 32.
Rc1 Qa5 33. Rc2 Qa8 34. Qf3 Kd7 35. Re2 Qc6 36. Qd3 Rc5 37. Kh2 Rc1 38. Qd5
Qc3 39. Qxh5 Rf1 40. Qb5+ Kd8 41. Qb6+ Ke8 42. Rf2 Rc1 43. Qb5+ 1-0